Environmental impact statements
This book is about the affected environmental and a description of soil, water, air, plants and animals, noise, seismicity, and land use. Impacts, direct and indirect, described as each environmental niche demands
محفوظ في:
| المؤلف الرئيسي: | |
|---|---|
| التنسيق: | كتاب |
| اللغة: | Undetermined |
| منشور في: |
Florida
Lewis
1992
|
| الموضوعات: | |
| الوسوم: |
إضافة وسم
لا توجد وسوم, كن أول من يضع وسما على هذه التسجيلة!
|
| Thư viện lưu trữ: | Trung tâm Học liệu Trường Đại học Cần Thơ |
|---|
| LEADER | 00797nam a2200205Ia 4500 | ||
|---|---|---|---|
| 001 | CTU_15288 | ||
| 008 | 210402s9999 xx 000 0 und d | ||
| 020 | |b MHO5 | ||
| 082 | |a 333.714 | ||
| 082 | |b B833 | ||
| 100 | |a Jacob I Bregman | ||
| 245 | 0 | |a Environmental impact statements | |
| 245 | 0 | |c Jacob I Bregman, Kenneth M Mackenthun | |
| 260 | |a Florida | ||
| 260 | |b Lewis | ||
| 260 | |c 1992 | ||
| 520 | |a This book is about the affected environmental and a description of soil, water, air, plants and animals, noise, seismicity, and land use. Impacts, direct and indirect, described as each environmental niche demands | ||
| 650 | |a environmental impact statements - united states | ||
| 904 | |i Nguyễn Quang Điền, 961224 | ||
| 980 | |a Trung tâm Học liệu Trường Đại học Cần Thơ | ||